Пропуск в контексте

Стратегии бизнеса, 2022, том 10, № 7 электронный научно-экономический журнал

Сохранить в:
Bibliografiske detaljer
Format: Журнал
Online adgang:https://znanium.ru/catalog/document?id=440396
https://znanium.ru/cover/2135/2135230.jpg
Tags: Tilføj Tag
Ingen Tags, Vær først til at tagge denne postø!
LEADER 01189nam0a2200229 i 4500
001 RU\infra-m\znanium\bibl\2135230
003 https://znanium.ru/catalog/document?id=440396
005 20240111000000.0
100 |a 20240111d2024 m y0rusy0150 ca 
101 0 |a rus 
102 |a RU 
200 1 |a Стратегии бизнеса, 2022, том 10, № 7  |e электронный научно-экономический журнал  |e Журнал 
210 1 |a Санкт-Петербург  |c ООО «Издательский дом «Реальная экономика»  |d 2022 
215 |a 30 с. 
333 |a ВО - Магистратура 
606 |a Управление (менеджмент)  |x Стратегический менеджмент  |2 local 
608 |a Журнал  |2 local 
675 |a 65  |z rus 
686 |a 6529  |2 rubbk 
801 0 |a RU  |b Общество с ограниченной ответственностью «ЗНАНИУМ»  |c 20240110  |2 rusmarc 
856 4 |a znanium.ru  |m ebs_support@infra-m.ru  |n НИЦ ИНФРА-М  |u https://znanium.ru/catalog/document?id=440396 
856 4 1 |a znanium.ru  |d /cover/2135  |f 2135230.jpg  |q image/jpeg  |u https://znanium.ru/cover/2135/2135230.jpg